Aggression / Its Causes, Consequences, and Control (Record no. 276)
[ view plain ]
| 000 -LEADER | |
|---|---|
| fixed length control field | 01160cam a22001934a 4500 |
| 005 - ΗΜΕΡΟΜΗΝΙΑ ΚΑΙ ΩΡΑ ΤΕΛΕΥΤΑΙΑΣ ΕΝΗΜΕΡΩΣΗΣ | |
| Πεδίο ελέγχου | 20250605163930.0 |
| 008 - FIXED-LENGTH DATA ELEMENTS--GENERAL INFORMATION | |
| Πεδίο ελέγχου σταθερού μήκους | 250528s ||||||||||||||||||||||||d |
| 035 ## - SYSTEM CONTROL NUMBER | |
| System control number | 14652 |
| 020 ## - ISBN | |
| ISBN | 70048746 |
| 040 ## - ΠΗΓΗ ΚΑΤΑΛΟΓΟΓΡΑΦΗΣΗΣ | |
| Φορέας πρωτότυπης καταλογογράφησης | MC Athens Campus Library |
| Γλώσσα καταλογογράφησης | Ελληνικά, Μοντέρνα (1453-) |
| Modifying agency | MC Athens Campus Library |
| Κανόνες περιγραφικής καταλογογράφησης | AACR2 |
| 245 1# - ΤΙΤΛΟΣ ΚΑΙ ΔΗΛΩΣΗ ΥΠΕΥΘΥΝΟΤΗΤΑΣ | |
| Τίτλος | Aggression / Its Causes, Consequences, and Control |
| 260 ## - PUBLICATION, DISTRIBUTION, ETC. | |
| Name of publisher, distributor, etc. | Mcgraw Hill, Inc, |
| Date of publication, distribution, etc. | 1993 |
| 300 ## - PHYSICAL DESCRIPTION | |
| Extent | 486 |
| 520 ## - SUMMARY, ETC. | |
| Summary, etc. | This book attempts to bridge the gaps between the different disciplinary approaches to human violence. Foreword, Preface, The Problem of Aggression, Emotional Aggression, Effects of Frustrations, We're Nasty When We Feel Bad, Does Thinking Make It So?, Aggressive Personalities, The Identification of the Violence Prone, The Development of Violence Proneness, Violence in Society, Violence in the Media, Domestic Violence, Murder, Controlling Aggression, Punishment and Societal Controls, Psychological Procedures for Controlling Aggression, Some Special Questions, Biology and Aggression, Aggression in the Laboratory, In Conclusion: Some Lessons to Be Drawn, Bibliography, Index. |
| 700 1# - ΠΡΟΣΘΕΤΗ ΑΝΑΓΡΑΦΗ--ΦΥΣΙΚΟ ΠΡΟΣΩΠΟ | |
| Personal name | Berkowitz N. Eric |
| 9 (RLIN) | 385 |
| 942 ## - ADDED ENTRY ELEMENTS (KOHA) | |
| Koha item type | Books |
| Τύπος τεκμηρίου | Βιβλιοθήκη | Τρέχουσα τοποθεσία | Barcode | Αριθμός εισαγωγής | Ημερομηνία απόκτησης | Ταξιθετικό σύμβολο | Αριθμός αντιτύπου | Κατάσταση απόσυρσης | Κατάσταση χαμένου | Κατάσταση κατεστραμμένου | Μη δανεισμός | Σύνολο δανεισμών | Ημερομηνία τελευταίας εμφάνισης | Η τιμή ισχύει από |
|---|---|---|---|---|---|---|---|---|---|---|---|---|---|---|
| Books | MC Athens Campus Library | MC Athens Campus Library | 9780000002754 | 3277 | 05/06/2025 | 155.2/32 BER | 1 | 05/06/2025 | 05/06/2025 |